Fundamentals of Internal Combustion Engines (Record no. 53824)

MARC details
000 -LEADER
fixed length control field 00417nam a2200169Ia 4500
008 - FIXED-LENGTH DATA ELEMENTS--GENERAL INFORMATION
fixed length control field 230524s9999 xx 000 0 und d
020 ## - INTERNATIONAL STANDARD BOOK NUMBER
ISBN 9788120328549
082 ## - DEWEY DECIMAL CLASSIFICATION NUMBER
Classification number 621.43
Item number GUP
100 ## - MAIN ENTRY--AUTHOR NAME
Personal name H.N.Gupta
245 #0 - TITLE STATEMENT
Title Fundamentals of Internal Combustion Engines
250 ## - EDITION STATEMENT
Edition statement 4
260 ## - PUBLICATION, DISTRIBUTION, ETC. (IMPRINT)
Place of publication New Delhi
Name of publisher PHI
Year of publication 2011
300 ## - PHYSICAL DESCRIPTION
Number of Pages 579p;
500 ## - GENERAL NOTE
General note Quantity Number: 1
650 ## - SUBJECT ADDED ENTRY--TOPICAL TERM
Topical Term Mechanics
942 ## - ADDED ENTRY ELEMENTS (KOHA)
Koha item type Books
Holdings
Lost status Damaged status Permanent Location Current Location Shelving location Date acquired Full call number Accession Number Koha item type
    Central Library, Trident Academy of Technology Central Library, Trident Academy of Technology General Stacks 05/24/2023 621.43 GUP 50166 Books
Trident Academy of Technology © 2023.
All rights reserved.                                                                                                                                                                                                        Designed by Team of Central Library .

Powered by Koha